[Event "Linares"]
[Site "20"]
[Date "2003.02.22"]
[Round "1"]
[White "Radjabov, Teimour"]
[Black "Leko, Peter"]
[Result "0-1"]
[WhiteElo "2624"]
[BlackElo "2736"]
[Annotator "JvR"]
[PlyCount "92"]
[EventDate "2003.??.??"]

1. d4 Nf6 2. c4 e6 3. Nf3 b6 4. Nc3 Bb7 5. a3 d5 6. cxd5 Nxd5 7. Qc2 Nxc3 8.
bxc3 Be7 9. e4 O-O 10. Bd3 c5 11. O-O Qc8 12. Qa2 Rd8 13. Rd1 Ba6 14. Bxa6 Nxa6
15. Qe2 Qb7 16. h4 $5 {Radjabov wants to attack the king.} ({Known is} 16. Bf4)
16... Nc7 17. h5 h6 18. Ne5 Ne8 19. Bb2 Nf6 20. Re1 b5 21. Rad1 cxd4 22. cxd4
b4 $1 23. a4 ({Avoids} 23. axb4 $4 Bxb4 24. Rf1 Nxe4) 23... Rac8 24. Rd3 Rc7 ({
The prophylactic} 24... Bd6 $1 {leads to the protection of f7.}) 25. d5 $1 exd5
26. exd5 Rxd5 $6 27. Nxf7 $1 Rxd3 $2 ({The courageous} 27... Kxf7 $1 28. Qe6+
Kf8 29. Bxf6 Rxd3 30. Bxg7+ Kxg7 31. Qg6+ Kf8 32. Qxh6+ Ke8 33. Qg6+ Kd8 34.
Qg8+ Kd7 35. Qe6+ {ends with a repetition of moves (Lékó).}) 28. Nxh6+ $1 Kf8 (
{Or} 28... gxh6 29. Qxd3 Kf8 30. Qg6 Qc6 31. Qxh6+) 29. Qxd3 $2 {Radjabov
plays the obvious move.} ({He should continue the fireworks with} 29. Bxf6 $1
gxh6 30. Qe5 $3 Rd5 (30... Ke8 31. Bh4 $1) 31. Qf4 $1 Ke8 32. Qxh6 {(Lékó).})
29... Qd5 30. Qg3 $6 {A plus is kept by the immediate exchange of queens.} Bd6
$1 31. Qh3 Qxh5 32. Qxh5 Nxh5 33. Nf5 Bf4 34. Re4 Bd2 35. Nd4 Kf7 36. Re2 Bc1
37. Nb5 $2 ({Correct is} 37. g3 $1) 37... Nf4 $1 38. Re4 Rc2 39. Nd6+ $6 Kg6
40. Bxc1 Rxc1+ 41. Kh2 Nd5 42. Nb5 b3 43. Re6+ Kh7 44. Re2 Rc2 45. Re1 b2 46.
Rb1 a6 0-1

[Event "Linares"]
[Site "20"]
[Date "2003.02.23"]
[Round "2"]
[White "Kasparov, Gary"]
[Black "Radjabov, Teimour"]
[Result "0-1"]
[WhiteElo "2847"]
[BlackElo "2624"]
[Annotator "JvR"]
[PlyCount "78"]
[EventDate "2003.??.??"]

1. e4 e6 2. d4 d5 3. Nc3 Nf6 4. e5 Nfd7 5. f4 c5 6. Nf3 Nc6 7. Be3 a6 8. Qd2 b5
9. a3 Qb6 10. Ne2 c4 11. g4 h5 12. gxh5 Rxh5 13. Ng3 Rh8 14. f5 $5 exf5 15.
Nxf5 Nf6 16. Ng3 Ng4 17. Bf4 Be6 18. c3 Be7 19. Ng5 O-O-O 20. Nxe6 fxe6 21. Be2
Ngxe5 $5 {The boy shows no respect.} 22. Qe3 $5 ({Preferable is} 22. Bxe5 Nxe5
23. dxe5 Bc5 $1 24. Bg4 $1 {(Kasparov).}) 22... Nd7 23. Qxe6 Bh4 24. Qg4 $2 ({
Radjabov analyses} 24. Qxd5 Nde5 (24... Rde8 $2 25. O-O-O Bxg3 26. hxg3 Rxh1
27. Rxh1 Rxe2 28. Rh8+) 25. Qe6+ Nd7 {and White has won a pawn.}) 24... g5 $1
25. Bd2 ({The pointe is} 25. Bxg5 Rdg8) 25... Rde8 26. O-O-O Na5 27. Rdf1 $2 {
White makes another tactical blunder.} ({Correct is} 27. Kb1 $1) 27... Nb3+ 28.
Kd1 Bxg3 {Kasparov has no defence against ..Qg6. He should have resigned.} 29.
Rf7 Rd8 30. Bxg5 Qg6 31. Qf5 Qxf5 32. Rxf5 Rdf8 33. Rxf8+ Nxf8 34. Bf3 Bh4 35.
Be3 Nd7 36. Bxd5 Re8 37. Bh6 Ndc5 38. Bf7 Re7 39. Bh5 Nd3 {Radjabov got the
beauty prize. Kasparov misbehaved when he learned about it.} 0-1

[Event "Linares"]
[Site "20"]
[Date "2003.02.23"]
[Round "2"]
[White "Ponomariov, Ruslan"]
[Black "Kramnik, Vladimir"]
[Result "0-1"]
[WhiteElo "2734"]
[BlackElo "2807"]
[Annotator "JvR"]
[PlyCount "80"]
[EventDate "2003.??.??"]

1. e4 c5 2. Nf3 Nc6 3. Bb5 g6 4. Bxc6 dxc6 5. h3 Bg7 6. d3 Nf6 7. Nc3 Nd7 8.
Be3 e5 9. Qd2 h6 10. O-O Qe7 11. a3 Nf8 12. b4 Ne6 13. Na4 b6 $1 14. Nh2 $6 ({
My preference goes to} 14. bxc5 b5 15. Nc3 f5 16. exf5 gxf5 17. Qe1) 14... f5
15. f3 $2 ({Better is} 15. exf5 gxf5 16. Qe2) 15... f4 16. Bf2 h5 $1 17. bxc5
b5 18. Nb2 g5 $1 19. d4 $2 {White's problems are unexpectedly high.} (19. a4 g4
$1 20. fxg4 hxg4 21. Nxg4 Ng5 $1 22. Nh2 (22. axb5 $2 Bxg4 23. hxg4 Qe6) 22...
Nxh3+ $1 23. gxh3 Bxh3 24. Kh1 Bxf1 25. Rxf1 Qe6 {and Black attacks.}) 19...
exd4 20. Nd3 Nxc5 21. Nxc5 Qxc5 22. Rfd1 Be6 23. Qb4 Qb6 ({Vladimir has doubts
about} 23... Qxb4 24. axb4 d3 25. cxd3 Bxa1 26. Rxa1 {but} Rd8 $1 27. d4 Rh7 {
wins.}) 24. a4 c5 25. Qxb5+ Qxb5 26. axb5 Kf7 27. Ra5 Rhb8 28. Nf1 Be5 29. Rda1
d3 $1 30. Rxa7+ Kf6 $1 {Black conquers with grace.} 31. Rxa8 Rxa8 32. Rxa8 dxc2
33. Rf8+ Kg6 34. Re8 Kf7 35. Rf8+ Kg6 36. Re8 Bc4 37. Rxe5 c1=Q 38. Rxc5 Qxf1+
39. Kh2 Qxf2 40. Rxc4 g4 0-1

[Event "Linares"]
[Site "20"]
[Date "2003.02.24"]
[Round "3"]
[White "Leko, Peter"]
[Black "Kasparov, Gary"]
[Result "1/2-1/2"]
[WhiteElo "2736"]
[BlackElo "2847"]
[Annotator "JvR"]
[PlyCount "173"]
[EventDate "2003.??.??"]

1. e4 c5 2. Nf3 d6 3. d4 cxd4 4. Nxd4 Nf6 5. Nc3 a6 6. f3 e6 7. Be3 Nc6 8. Qd2
Be7 9. O-O-O O-O 10. g4 Nxd4 11. Bxd4 b5 12. g5 Nd7 13. h4 Qc7 14. Kb1 b4 15.
Na4 Bb7 16. b3 Bc6 17. Nb2 a5 18. h5 Ne5 19. Be2 a4 20. Nc4 Bb5 21. Nb6 Rab8
22. h6 Bxe2 23. Qxe2 g6 24. f4 Nc6 25. Nxa4 Nxd4 26. Rxd4 e5 27. Rc4 Qa5 28. f5
Bxg5 29. Rc6 Rfd8 $6 30. Qg4 Be7 31. Rd1 Qa7 32. c3 Bf8 33. fxg6 hxg6 34. h7+
Kh8 35. cxb4 Rxb4 36. Qf3 Rdb8 {A sharp opening has led to a tactical fight.
White has no win.} 37. Nc3 $1 ({The witty} 37. Rcxd6 $5 Qxa4 38. Qxf7 Rxb3+ 39.
Ka1 Rb1+ $1 40. Rxb1 Rxb1+ 41. Kxb1 Qb4+ 42. Kc2 Qc5+ {ends with perpetual
check.}) 37... Qb7 38. Rcxd6 $2 (38. Nd5 $1 Qxc6 39. Nxb4 Qb7 40. Nd5 {keeps
the advantage.}) 38... Rxb3+ $1 39. Ka1 Rxc3 40. Qf6+ Kxh7 41. Rb6 $1 Qc7 ({Not
} 41... Qxb6 $4 42. Rh1+ Bh6 43. Qxf7+ Kh8 44. Rxh6#) 42. Rh1+ Bh6 43. Rxb8
Rc1+ 44. Rxc1 Qxc1+ 45. Rb1 Qc3+ 46. Rb2 Qe1+ 47. Rb1 Qc3+ 48. Rb2 Kg8 $1 49.
a4 Bc1 50. Qb6 Kg7 51. Ka2 Bxb2 52. Qxb2 Qc4+ 53. Ka3 Qxe4 {Black has won a
pawn.} 54. a5 g5 55. Qd2 Qf4 56. Qd8 $1 {The level of Kasparov's play and his
notes after computer analysis differ strongly.} Qc1+ $2 ({Right is} 56... g4 $1
57. a6 g3 58. a7 Qf3+ $1 59. Kb4 g2 60. Qg5+ Kh7) 57. Kb4 Qb2+ 58. Kc5 Qc3+ 59.
Kb5 Qb3+ 60. Kc5 Qc3+ 61. Kb5 Qb3+ 62. Kc5 Qe3+ 63. Kb4 Qe4+ 64. Kc5 Qc2+ 65.
Kb5 Qe2+ 66. Kb6 Qe3+ 67. Kc6 g4 68. a6 g3 69. a7 $1 g2 70. a8=Q Qe4+ 71. Qd5
$2 ({Lékó misses the escape} 71. Kc7 Qxa8 72. Qg5+ $1) 71... Qc2+ $6 ({Better
is} 71... Qxd5+ $1 72. Kxd5 g1=Q 73. Kxe5 Qg5+) 72. Kd6 Qg6+ 73. Kc7 g1=Q 74.
Qxe5+ Qf6 $2 (74... f6 $1 75. Qe7+ Kh6 76. Qaf8+ Kg5 {still wins.}) 75. Qh8+
Kxh8 76. Qxf6+ Qg7 77. Qh4+ Kg8 78. Kd6 Qg6+ 79. Ke5 Kg7 80. Qe7 Qg3+ 81. Kf5
Qg6+ 82. Ke5 Qh6 83. Kf5 Qg6+ 84. Ke5 Kh7 85. Qh4+ Kg8 86. Qd8+ Kg7 87. Qe7 {
The computer plays this queen ending far stronger than mankind.} 1/2-1/2

[Event "Linares"]
[Site "20"]
[Date "2003.02.25"]
[Round "4"]
[White "Ponomariov, Ruslan"]
[Black "Leko, Peter"]
[Result "1/2-1/2"]
[WhiteElo "2734"]
[BlackElo "2736"]
[Annotator "JvR"]
[PlyCount "220"]
[EventDate "2003.??.??"]

1. e4 c5 2. Nf3 Nc6 3. Bb5 g6 4. Bxc6 dxc6 5. h3 Bg7 6. d3 Nf6 7. Nc3 O-O 8.
Be3 b6 9. Qd2 e5 10. Bh6 Qd6 11. g4 Be6 12. Qe3 a5 13. Ne2 a4 14. a3 b5 15. Ng3
Ne8 16. O-O f6 17. Nd2 Rd8 18. Bxg7 Nxg7 19. f4 $6 {The following exchanges
lead to a poor endgame.} exf4 20. Qxf4 Qxf4 21. Rxf4 c4 22. Rf3 Bc8 23. Ndf1 $2
(23. Raf1 {attacks a weakness.}) 23... Ne6 24. Ne2 cxd3 25. Rxd3 Rxd3 26. cxd3
Rd8 27. Rc1 c5 28. Rc3 Ba6 29. Kf2 Rd6 30. b4 axb3 31. Rxb3 b4 32. axb4 Bxd3
33. bxc5 Nxc5 34. Rb8+ Kg7 35. Nfg3 Nxe4+ 36. Nxe4 Bxe4 37. Re8 Bd5 38. Re7+
Bf7 39. Ra7 Kf8 40. Ra8+ Be8 41. Ke3 Re6+ 42. Kf2 Re4 43. Nc3 Re5 44. Rd8 Kg7
45. Nd5 Bf7 46. Ne3 h5 47. Rd7 Kf8 48. Rc7 h4 49. Rc8+ Kg7 50. Rc7 Ra5 51. Kf3
Ra2 52. Ng2 Ra3+ 53. Ne3 Kf8 54. Rc8+ Ke7 55. Rc7+ Ke8 56. Kf2 Be6 57. Rc2 Ke7
58. Re2 Kf7 59. Rd2 Ra4 60. Kf3 Bc8 61. Rb2 Ra7 62. Kf2 Bb7 63. Ng2 g5 64. Ne1
Be4 65. Re2 Bd5 66. Re3 Ra4 67. Kg1 Be4 68. Nf3 Ra1+ 69. Kf2 Ra2+ 70. Kf1 Bd5
71. Kg1 Ra4 72. Ne1 Be6 73. Nf3 Ke7 ({Lékó should have tried the sacrifice} 
73... Bxg4 74. hxg4 Rxg4+) 74. Rd3 Bc4 75. Re3+ Be6 76. Rd3 Bc4 77. Re3+ Kd6
78. Nd4 Ra1+ 79. Kf2 Ra2+ 80. Kg1 Kc5 81. Nf5 Ra6 82. Kf2 Be6 83. Ng7 Bd5 84.
Nf5 Kc4 85. Re2 Be6 86. Ng7 Bd7 87. Rd2 Bb5 88. Nf5 Kc5 89. Ne3 Bc6 90. Rc2+
Kd4 91. Nf5+ Ke5 92. Rc5+ Ke4 93. Rc4+ Kd5 94. Rc3 Ra2+ 95. Kg1 Bb5 96. Re3 Rd2
97. Ne7+ Kd4 98. Nf5+ Kd5 99. Ne7+ Kc5 100. Nf5 Bd3 101. Ng7 Rd1+ 102. Kf2 Kd4
103. Ne6+ Kc4 104. Ng7 Rd2+ 105. Kg1 Kd4 106. Re1 Be4 107. Nh5 f5 108. Ng7 fxg4
109. Ne6+ Kd5 110. Nxg5 Bf5 {The extra pawn did not suffice for a win.} 1/2-1/2

[Event "Linares"]
[Site "20"]
[Date "2003.02.25"]
[Round "4"]
[White "Vallejo Pons, Francisco"]
[Black "Radjabov, Teimour"]
[Result "1/2-1/2"]
[WhiteElo "2629"]
[BlackElo "2624"]
[Annotator "JvR"]
[PlyCount "96"]
[EventDate "2003.??.??"]

1. e4 e6 2. d4 d5 3. Nc3 Nf6 4. Bg5 Bb4 5. e5 h6 6. Bc1 Ne4 7. Qg4 g6 8. Nge2
c5 9. a3 Bxc3+ 10. bxc3 cxd4 11. cxd4 Qc7 12. f3 Nc3 13. Bd2 Na4 14. Nf4 a6 15.
c4 dxc4 16. Bxc4 Nc6 17. Rc1 Qe7 18. O-O Nb6 19. Nd3 Qxa3 $2 20. Ra1 Qe7 21.
Bb3 Qd8 22. Be3 Nd5 23. Bf2 h5 24. Qe4 Nc3 25. Qe1 Nxd4 26. Bd1 Ndb5 27. Nc5
O-O 28. Ba4 Nxa4 29. Rxa4 f5 30. Qc1 Kh7 31. Rc4 Qe8 32. Qg5 b6 33. Na4 Bb7 34.
Be3 Qf7 35. Nxb6 Rad8 36. Rfc1 Qg7 37. h3 $2 ({White misses the win} 37. Bc5 $1
Rfe8 38. Bd6 $1 {(Finkel)} Kh8 39. Rc7 $1 Nxc7 40. Rxc7 Rxd6 $1 41. exd6 Qd4+
42. Kf1 Qd1+ 43. Kf2 Qd4+ 44. Ke2 $1 Qb2+ 45. Qd2) 37... Rd3 38. Bc5 Rf7 39.
Bf2 Qxe5 40. Re1 Qg7 41. Rxe6 Nd4 42. Re1 f4 43. Bxd4 Rxd4 44. Kh1 Rd6 45. Na4
Rd5 46. Qh4 Qf8 47. Qf2 Qd6 48. Nc5 Rdf5 {Both players are happy with a draw.}
1/2-1/2

[Event "Linares"]
[Site "20"]
[Date "2003.02.27"]
[Round "5"]
[White "Kasparov, Gary"]
[Black "Ponomariov, Ruslan"]
[Result "1-0"]
[WhiteElo "2847"]
[BlackElo "2734"]
[Annotator "JvR"]
[PlyCount "86"]
[EventDate "2003.??.??"]

1. Nf3 Nf6 2. d4 e6 3. g3 b6 4. Bg2 Bb7 5. c4 Be7 6. Nc3 Ne4 7. Bd2 Bf6 8. O-O
O-O 9. Rc1 d5 10. cxd5 exd5 11. Bf4 Nxc3 12. bxc3 Na6 13. e4 $1 dxe4 14. Nd2 g5
$2 {The 'world champion' has made an awful move.} 15. Be3 ({A fine alternative
gives} 15. Nxe4 Bxe4 16. Bxe4 gxf4 17. Qh5 Re8 18. Qxh7+ Kf8 19. Bb7 $1 {
(Kasparov).}) 15... Re8 16. f4 exf3 17. Bxf3 Bd5 18. Bxd5 Qxd5 19. Rxf6 Rxe3
20. Qg4 Re6 21. Rf5 Qc6 22. Qxg5+ Rg6 23. Qh5 Rf8 24. Nf3 f6 25. Nh4 Rg7 26.
Qh6 Nb8 27. Rh5 f5 28. Qf4 Qe4 29. Rf1 Qxf4 30. Rxf4 Rg4 31. Rfxf5 Nd7 32.
Rxf8+ Nxf8 33. Kf2 Nd7 34. Nf5 Kh8 35. Kf3 Rg8 36. Rh6 Rf8 37. g4 Nf6 38. c4
Kg8 39. Kf4 Rf7 40. g5 Ne8 41. Ke5 Rd7 42. Ke6 Rf7 43. Rf6 $1 Nxf6 ({Kasparov
has calculated} 43... Nxf6 44. gxf6 Rf8 (44... Kf8 45. Nh6) 45. f7+ $1 Rxf7 46.
Nh6+) 1-0

[Event "Linares"]
[Site "20"]
[Date "2003.02.27"]
[Round "5"]
[White "Leko, Peter"]
[Black "Vallejo Pons, Francisco"]
[Result "1-0"]
[WhiteElo "2736"]
[BlackElo "2629"]
[Annotator "JvR"]
[PlyCount "85"]
[EventDate "2003.??.??"]

1. e4 c5 2. Nf3 Nc6 3. d4 cxd4 4. Nxd4 Qc7 5. Nc3 e6 6. Be3 a6 7. Qd2 Nf6 8.
O-O-O Bb4 9. f3 Ne5 10. Nb3 b5 11. Bd4 Be7 12. Qg5 Ng6 13. Qg3 Bd6 14. Qf2 Rb8
15. Kb1 O-O 16. Bc5 Bxc5 17. Qxc5 Qxc5 18. Nxc5 Rb6 19. a4 Rc6 $2 ({Right is} 
19... d6 20. Nb3 bxa4 21. Nxa4 Rb4 22. Rd4 Rxd4 23. Nxd4 {(Lékó)} Bb7 $1) 20.
Nd3 bxa4 21. Nxa4 d5 22. exd5 Nxd5 23. Ndc5 Ne5 24. Rd4 Nd7 25. Nxd7 Bxd7 26.
Bc4 Nf6 27. Re1 Rfc8 28. Bd3 Kf8 29. Re5 R8c7 30. Ra5 Bc8 31. b4 Nd5 32. Kb2 g6
33. Kb3 Ne3 34. Nc5 Ra7 $6 {Black misses his last fighting chance.} (34... Nxg2
$5 35. Bxa6 Bxa6 36. Rxa6 Rxa6 37. Nxa6 Ra7 38. Nc5 Ne1) 35. g3 Ke7 36. f4 f6
37. Be4 Rb6 38. c4 e5 39. fxe5 fxe5 40. Rd3 Nf5 41. Na4 Re6 42. b5 Nd4+ 43. Kc3
1-0

[Event "Linares"]
[Site "20"]
[Date "2003.02.28"]
[Round "6"]
[White "Anand, Viswanathan"]
[Black "Leko, Peter"]
[Result "1-0"]
[WhiteElo "2753"]
[BlackElo "2736"]
[Annotator "JvR"]
[PlyCount "143"]
[EventDate "2003.??.??"]

1. e4 c5 2. Nf3 Nc6 3. Nc3 Nf6 4. Bb5 Qc7 5. O-O Nd4 6. Nxd4 cxd4 7. Nd5 Nxd5
8. exd5 Qc5 9. c4 $5 dxc3 $6 10. Qb3 a6 11. Be2 c2 12. d4 Qd6 13. Bf3 g6 14.
Bd2 Qf6 15. d6 $5 Qxd6 16. Rfe1 a5 17. Qxc2 Bg7 18. Bxa5 $1 O-O $6 19. Bc3 Re8
20. Qb3 Qc7 21. a4 d6 22. a5 Rb8 23. Rec1 Bf5 24. Bd2 Qd7 25. Be3 e5 26. dxe5
dxe5 27. Bd5 Be6 28. Bxe6 Qxe6 29. Qxe6 Rxe6 30. b4 e4 31. Ra2 Be5 32. g3 Kf8
33. Rc4 f5 34. Rd2 Ke8 35. Rd5 Rd8 36. Rb5 Rd7 37. Rcc5 Bf6 38. Rc8+ Kf7 39.
Kg2 Re8 40. Rc4 Be5 41. h4 Bf6 42. Rbc5 Bd8 $6 43. Rc8 Re5 {Catching play has
led to a better endgame for White. He opens the defence line by force.} 44.
Rxd8 $1 Rxd8 45. Rc7+ Ke6 46. Rxb7 Red5 $2 ({Better is} 46... Rd1 $1 47. a6 Ra1
{(Anand), but} 48. Rb6+ $1 Kd5 49. Rb5+ Ke6 50. Rxe5+ Kxe5 51. b5 Kd6 52. Ba7
$1 {brings fine winning chances.}) 47. Rxh7 Rb5 48. Bc5 Rd2 49. Kf1 Ra2 50. Rc7
$6 f4 51. Re7+ Kf6 52. Rxe4 fxg3 53. fxg3 g5 54. h5 Kf5 55. Re2 Ra3 56. Kg2 Kg4
57. h6 Rxg3+ 58. Kf2 Rh3 59. Re6 Rb7 60. Ke2 $6 Kf5 61. a6 Rh2+ 62. Ke3 Rd7 63.
Rd6 Rxd6 64. Bxd6 Rxh6 65. a7 Rh3+ 66. Kd4 Ra3 67. Bc5 g4 ({The last chance
does not suffice in} 67... Ke6 $1 68. Bb6 $1 Ra6 69. Kc5 Kd7 70. Kb5 Ra2 71.
Ba5 {(Anand).}) 68. Kd5 g3 69. Kc6 g2 70. Kb7 Ke6 71. Bg1 Kd5 72. b5 1-0

[Event "Linares"]
[Site "20"]
[Date "2003.02.28"]
[Round "6"]
[White "Kramnik, Vladimir"]
[Black "Radjabov, Teimour"]
[Result "1-0"]
[WhiteElo "2807"]
[BlackElo "2624"]
[Annotator "JvR"]
[PlyCount "71"]
[EventDate "2003.??.??"]

1. e4 e6 2. d4 d5 3. Nc3 Nf6 4. e5 Nfd7 5. f4 c5 6. Nf3 Nc6 7. Be3 cxd4 8. Nxd4
Bc5 9. Qd2 O-O 10. O-O-O a6 11. Qf2 Nxd4 12. Bxd4 Qc7 13. Bd3 b5 $6 ({Theory is
} 13... Bxd4 14. Qxd4 Qc5) 14. Qh4 h6 15. Ne2 f6 $6 16. Qg4 Bxd4 $1 17. Nxd4 $1
(17. Qxe6+ Kh8 18. Nxd4 Nxe5 19. Qxd5 Nxd3+ 20. Rxd3 Qxf4+ {leads to equality.}
) 17... Nc5 18. Qg6 Nxd3+ 19. Rxd3 Qc4 $2 ({Correct is} 19... Qf7) 20. Rhd1 $1
{The knight gets overprotection.} Ra7 21. Kb1 {The counterattack fails.} Qc7 ({
Insufficient is} 21... b4 22. f5 $1 {(Kramnik)} Rc7 23. R3d2 $1 fxe5 24. Nxe6)
22. f5 $1 Qb6 23. Rh3 $1 fxe5 24. Rxh6 Rf6 ({The pointe is} 24... exd4 25. Qh7+
Kf7 26. f6 Ke8 27. fxg7) 25. Qe8+ Rf8 26. Rh8+ Kxh8 27. Qxf8+ Kh7 28. Nf3 Qc7
29. fxe6 e4 30. Ng5+ Kh6 31. h4 Kh5 32. Qf5 g6 33. g4+ Kxh4 34. Rh1+ Kg3 35.
Rg1+ Kh4 36. Qf6 1-0

[Event "Linares"]
[Site "20"]
[Date "2003.03.01"]
[Round "7"]
[White "Kasparov, Gary"]
[Black "Anand, Viswanathan"]
[Result "1-0"]
[WhiteElo "2847"]
[BlackElo "2753"]
[Annotator "JvR"]
[PlyCount "123"]
[EventDate "2003.??.??"]

1. e4 c6 2. d4 d5 3. Nd2 dxe4 4. Nxe4 Bf5 5. Ng3 Bg6 6. h4 h6 7. Nf3 Nd7 8. h5
Bh7 9. Bd3 Bxd3 10. Qxd3 Ngf6 11. Bf4 e6 12. O-O-O Be7 13. Kb1 O-O 14. Ne4 Nxe4
15. Qxe4 Nf6 16. Qe2 Qd5 17. Ne5 Qe4 18. Qxe4 Nxe4 19. Rhe1 Nf6 20. g4 Rfd8 21.
Be3 Bd6 22. f3 Rac8 23. c4 a5 $2 {The a-pawn becomes a weakness.} ({Better is} 
23... b5 $1 24. g5 $1 hxg5 25. Bxg5 Bxe5 26. Rxe5 bxc4 27. Rg1 Kh7 28. h6 Rd5
29. hxg7 Nh5 $1 30. Rh1 Kxg7 31. Rxh5 Rxe5 32. Bh6+ Kg6 33. Rxe5 Kxh6 34. Ra5
Rd8) 24. a4 $1 Nd7 25. Bd2 Bc7 26. Bc3 Nxe5 27. dxe5 c5 28. Kc2 Rxd1 29. Kxd1
Rd8+ 30. Ke2 Rd7 31. f4 Bd8 32. f5 Bg5 $1 33. f6 $1 b6 34. Ra1 Rd8 $1 {Black
has to play accurately.} ({The plausible} 34... gxf6 35. exf6 Kf8 36. Rd1 Ke8
37. Rxd7 Kxd7 38. Kd3 Kd6 39. Ke4 {leads to a lost bishop ending for Black.})
35. Ra3 $1 ({The exchanges} 35. Rd1 Rxd1 36. Kxd1 g6 37. hxg6 fxg6 38. Bd2 Bxd2
39. Kxd2 Kf7 {create a fortress.}) 35... gxf6 $1 36. Rb3 $1 ({Avoids the trick
} 36. exf6 $2 e5 $1 37. Rb3 Rd6 $1) 36... Bf4 37. Rxb6 Bxe5 38. Bxe5 fxe5 39.
Rb5 Rd4 40. Rxc5 Rxg4 41. b3 $1 Rg3 42. Rxe5 Rxb3 43. Rxa5 f5 44. Ra8+ Kg7 45.
c5 Rc3 46. Rc8 Ra3 47. c6 Rxa4 48. Re8 Rc4 49. Rxe6 f4 50. Rg6+ Kh7 51. Kd3 Rc5
52. Kd4 Rc1 53. Ke4 Rc4+ 54. Kd5 Rc3 55. Kd4 Rc1 56. Ke4 Rc4+ 57. Kf3 Kh8 $4 {
Anand makes a horrible blunder.} ({Correct is} 57... Rc5 $1 58. Kxf4 Rxh5) 58.
Rxh6+ Kg7 59. Rd6 Kh7 60. Kg4 Kg7 61. Rd7+ Kf6 62. c7 1-0

[Event "Linares"]
[Site "20"]
[Date "2003.03.01"]
[Round "7"]
[White "Ponomariov, Ruslan"]
[Black "Vallejo Pons, Francisco"]
[Result "1-0"]
[WhiteElo "2734"]
[BlackElo "2629"]
[Annotator "JvR"]
[PlyCount "135"]
[EventDate "2003.??.??"]

1. d4 d5 2. c4 c6 3. Nf3 Nf6 4. Nc3 e6 5. e3 Nbd7 6. Qc2 Bd6 7. g4 $5 Bb4 $5 8.
Bd2 Qe7 9. Bd3 e5 $6 10. cxd5 $1 {Ponomariov improves the theory.} Bxc3 11.
Bxc3 e4 12. dxc6 exd3 13. cxd7+ Qxd7 14. Qb3 $5 Qxg4 15. Qd1 Ne4 $6 {Black
will lose a pawn.} ({Analysts mention} 15... O-O 16. Rg1 Qe4 17. d5 Ne8 18. Nd4
) 16. Ne5 Qxd1+ 17. Rxd1 f6 18. Nxd3 Bg4 19. Rc1 Bf3 20. Rg1 Kf7 21. Nc5 Nd6
22. Nb3 Ne4 23. Nd2 Nxd2 24. Kxd2 g5 25. Kd3 Rhe8 26. Bb4 Rac8 27. Rxc8 Be4+
28. Ke2 Rxc8 29. Bc3 Bd5 30. f3 $6 (30. a3 $1 {keeps the extra pawn.}) 30...
Bxa2 31. e4 a5 $5 32. Ra1 Bc4+ 33. Ke3 b6 34. d5 Bb3 35. h4 h6 36. Rh1 Kg6 37.
f4 $1 gxf4+ $2 {Black will lose because he opens the position.} ({Correct is} 
37... g4 $1 38. Bd4 f5 $1 39. d6 Rc6 40. d7 Rd6 41. h5+ Kf7 42. exf5 Ba4 43.
Bxb6 Bxd7 44. Bxa5 Bxf5 {Black has given a pawn for a defendable position.})
38. Kxf4 a4 39. Rh3 Bc2 40. Rh2 Bb1 41. Rh1 Bc2 42. Rc1 Bb3 43. Ke3 $1 f5 44.
Rg1+ Kh5 45. d6 fxe4 46. Bf6 Be6 47. Kxe4 Rc2 48. Bd4 b5 49. Rg7 Kxh4 50. d7
Bxd7 51. Rxd7 Rc4 52. Kd3 h5 53. Rd5 Rb4 54. Bf6+ Kg4 55. Rg5+ Kf3 56. Rxh5
Rb3+ 57. Kc2 Ke4 58. Bc3 Ke3 59. Rh4 Kf3 60. Rb4 Rxb4 61. Bxb4 Ke4 62. Kc3 Kd5
63. Bf8 Kc6 64. Kb4 Kb6 65. Be7 Kc6 66. Bc5 a3 67. b3 Kd5 68. Bf8 {Ponomariov
scored his first victory.   Four top players take the highest places after the
first cycle.} 1-0

[Event "Linares"]
[Site "20"]
[Date "2003.03.02"]
[Round "8"]
[White "Leko, Peter"]
[Black "Radjabov, Teimour"]
[Result "1-0"]
[WhiteElo "2736"]
[BlackElo "2624"]
[Annotator "JvR"]
[PlyCount "63"]
[EventDate "2003.??.??"]

1. e4 e6 2. d4 d5 3. Nc3 Nf6 4. Bg5 Bb4 5. e5 h6 6. Bd2 Bxc3 7. bxc3 Ne4 8. Qg4
g6 9. Bd3 Nxd2 10. Kxd2 c5 11. h4 Bd7 12. h5 g5 13. f4 Nc6 14. fxg5 Qa5 15.
dxc5 d4 16. Nf3 O-O-O 17. Rab1 ({Known is} 17. Ke2 {(Olivier-Goldgewicht,
Cannes 1995).}) 17... dxc3+ 18. Ke2 Rhg8 ({Preferable is} 18... hxg5 $1) 19.
Qe4 Qc7 20. g4 Ne7 21. Bb5 hxg5 22. Rb3 Nd5 23. Rhb1 {White dominates the
position.} Bc6 $2 ({Ok is} 23... f5 $1 24. exf6 Nxf6 25. Bxd7+ Rxd7 26. Qe5
Nxg4 $1 27. Qxe6 Qg3 $3 28. Qxg8+ Rd8 29. Qe6+ Rd7 $11 {(Lékó).}) 24. Bxc6 Qxc6
25. Nd4 $1 Qa6+ 26. Ke1 Rd7 27. c6 $1 Rc7 28. Rxb7 Rxb7 29. Rxb7 Nb6 30. Qh7
Rf8 31. Qg7 Qa3 32. Qxf8+ $1 ({Lékó has calculated the elegant} 32. Qxf8+ Qxf8
33. Nb5 $1 Qc5 34. Nd6+ Kd8 35. c7+ Qxc7 36. Rxc7 Kxc7 37. h6) 1-0

[Event "Linares"]
[Site "20"]
[Date "2003.03.02"]
[Round "8"]
[White "Ponomariov, Ruslan"]
[Black "Anand, Viswanathan"]
[Result "1/2-1/2"]
[WhiteElo "2734"]
[BlackElo "2753"]
[Annotator "JvR"]
[PlyCount "88"]
[EventDate "2003.??.??"]

1. e4 c5 2. Nf3 Nc6 3. Bb5 e6 4. Bxc6 bxc6 5. d3 Ne7 6. Qe2 Qc7 7. Ng5 h6 8.
Nh3 g6 9. f4 Bg7 10. c4 e5 11. Nc3 d5 12. O-O O-O 13. g4 exf4 14. Bxf4 Qd7 15.
exd5 cxd5 16. Rae1 Nc6 17. Nxd5 Nd4 18. Qg2 Qxg4 19. Ne7+ Kh7 20. Nxc8 Qxg2+
21. Kxg2 Raxc8 22. Bd2 g5 23. Re7 Kg6 24. Rxa7 Ne6 25. b4 Rfd8 26. b5 Rxd3 27.
Bc1 Rcd8 28. Raxf7 Rc3 29. Re7 Rd6 30. Nf2 Bf6 31. Re8 Rc2 32. Kh1 Rxc4 33. Re1
Nc7 34. Rg8+ Kh7 35. Rb8 Re6 36. Rf1 Nd5 37. Rc8 $2 {White loses time.} Bd4 $1
38. Ng4 h5 $1 39. Rd8 Nf4 40. Bxf4 gxf4 41. Nf2 Rc3 42. Rf8 Rc2 43. Rxf4 Ree2
44. b6 Bxf2 $2 (44... Rxa2 45. b7 Rab2 {gives winning chances (Anand).})
1/2-1/2

[Event "Linares"]
[Site "20"]
[Date "2003.03.05"]
[Round "10"]
[White "Kasparov, Gary"]
[Black "Leko, Peter"]
[Result "1/2-1/2"]
[WhiteElo "2847"]
[BlackElo "2736"]
[Annotator "JvR"]
[PlyCount "66"]
[EventDate "2003.??.??"]

1. e4 c5 2. Nf3 Nc6 3. Nc3 Nf6 4. Bb5 Qc7 5. O-O Nd4 6. Re1 a6 7. Bc4 d6 8. Nd5
Nxd5 9. exd5 g6 10. Nxd4 cxd4 11. d3 h6 12. b4 Bg7 13. Qe2 Bf6 14. Qf3 Kf8 15.
Bb2 Qb6 16. a3 h5 17. h3 h4 18. Qf4 Bf5 19. Rab1 Rh5 20. a4 Be5 21. Qf3 Rc8 22.
a5 Qd8 23. Re2 Rc7 24. Rbe1 Qc8 25. Rxe5 $5 {Kasparov worries about a
potential siege.} ({He does not like} 25. Bb3 f6) 25... dxe5 26. Rxe5 Rxc4 27.
dxc4 Qxc4 28. Re2 Bxc2 29. d6 exd6 30. Rd2 d3 $6 (30... Qb3 $1 31. Qxb3 Bxb3
32. Rxd4 Ke7 {keeps a plus.}) 31. Qxb7 Rf5 32. Qd7 f6 33. Qxd6+ Kf7 1/2-1/2